000 00295 a2200145 4500
001 162360
020 _a
040 _cMagnum
100 _aGentzbittel, Marguerite
240 1 0 _aA causa dos alunos
_lpor
245 1 0 _aA causa dos alunos
362 0 _a1899
697 _aENSINO
942 _cBK
999 _c162360
_d162360